- Prénoms les plus donnés en 1990 - - Statistiques

Statistiques générales
  • Ce quiz a été pris 1 215 fois
  • Le résultat moyen est 58 sur 100
Statistiques - réponses
Position 1ère Lettre Prénom % Correct
3 J Julie
94%
1 K Kévin
93%
2 T Thomas
90%
3 J Julien
89%
5 M Marie
89%
49 P Paul
89%
5 A Alexandre
80%
4 N Nicolas
80%
14 P Pierre
80%
21 Q Quentin
80%
7 P Pauline
79%
20 A Antoine
78%
12 E Emilie
78%
2 L Laura
75%
8 A Aurélie
73%
9 C Camille
73%
9 R Romain
73%
43 L Léa
72%
7 M Maxime
72%
38 V Valentin
72%
6 M Marion
71%
4 M Marine
70%
16 M Mathieu
70%
18 S Sophie
70%
15 V Vincent
70%
10 G Guillaume
69%
22 L Lucie
69%
17 C Clément
68%
1 E Elodie
68%
32 F Fabien
68%
11 F Florian
68%
8 J Jérémy
68%
33 M Manon
68%
6 A Anthony
67%
37 C Chloé
67%
22 D Damien
67%
18 D David
66%
25 A Alexis
64%
12 B Benjamin
64%
17 C Charlotte
64%
13 S Sarah
64%
26 F Florent
63%
31 J Justine
63%
19 M Mathilde
63%
46 O Olivier
63%
19 S Sébastien
63%
32 A Amélie
62%
16 C Céline
62%
45 B Baptiste
60%
10 M Mélanie
59%
38 H Hélène
58%
47 B Bastien
57%
37 J Jérôme
57%
11 A Audrey
56%
26 C Caroline
56%
27 C Claire
56%
41 C Clémence
56%
13 J Jonathan
56%
40 F François
55%
36 A Alexandra
54%
33 B Benoit
54%
47 C Cécile
54%
24 A Adrien
53%
14 A Anaïs
53%
36 S Simon
53%
28 S Stéphanie
52%
15 A Amandine
51%
42 C Christophe
50%
44 S Sandra
49%
29 F Fanny
48%
28 A Aurélien
47%
34 R Rémi
47%
21 J Jessica
46%
31 A Arnaud
45%
29 C Cédric
45%
30 M Matthieu
45%
49 V Vanessa
44%
20 J Jennifer
43%
23 M Mickael
43%
46 V Virginie
43%
34 C Coralie
41%
50 J Jordan
40%
23 L Laëtitia
40%
25 M Mélissa
40%
40 S Sabrina
39%
48 G Gaétan
38%
30 M Morgane
38%
27 L Loïc
37%
48 E Estelle
36%
43 S Sylvain
36%
50 M Marina
35%
39 L Ludovic
34%
35 A Adeline
31%
45 A Angélique
30%
39 A Aurore
30%
24 C Cindy
29%
42 C Charlène
28%
44 C Cyril
27%
35 C Christopher
19%
41 G Geoffrey
11%
Aucun quiz correspondant
Distribution des résultats
% des personnes avec chaque résultat
Percentile par nombre de réponses
Votre historique - résultats
Vous n’avez pas pris ce quiz